000 00361nam a2200133Ia 4500
008 220217s9999||||xx |||||||||||||| ||und||
020 _a9788126530984
082 _a621.815 CHA
100 _aChattopadhyay A.B
245 0 _aMachining and machine tools
260 _aWiley india
_bNew Delhi
_c2017
300 _aXXIV, 802p.
_b639
650 _aMACHINE TOOLS
999 _c187485
_d187485